banner-ar

FUNDAMENTALS OF EAR, NOSE AND THROAT DISEASES / (Record no. 9560)

MARC details
000 -الفاتح
حقل البيانات ثابتة الطول 00470nam a2200181Ia 4500
008 - عناصر البيانات ثابتة الطول - معلومات عامة
حقل البيانات ثابتة الطول 140319s9999 xx 000 0 eng d
040 ## - مصدر الفهرسة
وكالة الفهرسة الأصلية GCL /
وكالة النسخ GCL
082 04 - رقم تصنيف ديوى العشرى
رقم التصنيف 616.21
رقم المادة H F
100 1# - المدخل الرئيسى - إسم شخصى
الإسم الشخصى HASHEM FOUAD
245 10 - بيان العنوان
العنوان FUNDAMENTALS OF EAR, NOSE AND THROAT DISEASES /
بيان المسئوليه,etc HASHEM FOUAD
300 ## - الوصف المادى
التعداد 24 CM ؛
أبعاد الوعاء 195 P
650 04 - المدخل الاضافى بالموضوع-مصطلح موضوعى
مصطلح موضوعي EAR DISEASES
650 04 - المدخل الاضافى بالموضوع-مصطلح موضوعى
مصطلح موضوعي MEDICINE - PRACTICE
650 04 - المدخل الاضافى بالموضوع-مصطلح موضوعى
مصطلح موضوعي NOSE DISEASES
650 04 - المدخل الاضافى بالموضوع-مصطلح موضوعى
مصطلح موضوعي THROAT DISEASES
942 ## - عناصر المدخل الإضافي( كوها)
مصدر التصنيف او مخطط الترفيف Dewey Decimal Classification
Koha [default] item type كتاب
Holdings
حالة التراجع حالة الفقد حالة تلف ليس للاعارة المكان المؤقت الموقع الحالى تاريخ الاكتساب اجمالي اﻻعارات رقم الطلب الباركود تاريخ اخر مشاهدة تاريخ تفعيل السعر نوع وعاء كوها
        مكتبة القاهرة الكبرى مكتبة القاهرة الكبرى 03/26/2014   616.21\H F 19887 03/26/2014 03/26/2014 كتاب

Powered By

EGPV